01339nam a22001697a 4500003001000000005001700010008004100027040001400068041000700082100003300089245006500122260002900187300001200216500010000228520078400328700005701112IT-MiCISF20170124172213.0170124b xxu||||| |||| 00| 0 eng d cIT-MiCISF ait aMartini Carlo Maria (et al.) aTalenti di famigliabPadri, madri & figli negli anni duemila aMilanobIn dialogoc2014 app. 149 afamiglia, spiritualità-familiare, educazione-genitori, famiglia-migranti, relazione-di-coppia aChe ne è della coppia; che significati assume oggi l’essere genitori e il desiderio di “avere un figlio”; come diventare famiglia e a quali condizioni essere davvero felici? Sono le domande da cui muove questo libro, dove i contributi autorevoli di un biblista del calibro del cardinal Martini, di una psicologa, un medico bioeticista e un sociologo aiutano a disegnare le nuove coordinate di una società in vorticoso cambiamento, che pone interrogativi importanti circa il modello di famiglia cui siamo abituati. Sullo sfondo, la ricerca stessa della Chiesa, sollecitata da papa Francesco con la convocazione di un doppio Sinodo, di nuove parole capaci di dire agli uomini d’oggi i valori di sempre e riscoprire i veri “talenti” racchiusi nell’essere famiglia. aOrioli ElisabettaaPicozzi MarioaAmbrosini Maurizio